| 000 | 01286nam a2200265 i 4500 | ||
|---|---|---|---|
| 001 | 18350 | ||
| 003 | DO-SdUEMH | ||
| 005 | 20260120205454.0 | ||
| 007 | ta | ||
| 008 | 260120s2025 dr a|||gr|||| 00| 0 spa d | ||
| 020 | _a9789945251425 | ||
| 040 |
_aDO-SdUEMH _bspa _erda |
||
| 041 | _aspa | ||
| 082 | 1 | 4 |
_mRD _bM559 |
| 100 | 1 | _eaut | |
| 245 |
_aEl Oficio de Pensar: _bdiálogo filosóficos / _cAndrés Merejo Checo |
||
| 264 | 1 |
_aSanto Domingo, República Dominicana : _bCorripio, S. A. S. _c2025 |
|
| 264 | 4 | _c©2025 | |
| 300 |
_a601 páginas : _bilustraciones ; _c25 cm. |
||
| 336 |
_2rdacontent _atexto _btxt |
||
| 337 |
_2rdamedia _asin mediación _bn |
||
| 338 |
_2rdacarrier _avolumen _bnc |
||
| 505 | 2 | _aKary Alba Rocha Arias -- Javier Aguirre -- Esteban Anchústegui Igartua -- Mabel Marta Artidiello Moreno -- Alejandro Arvelo -- Ignacio Ayestarán Úriz -- Luis O. Brea Franco -- Francisco Javier Caballero Harriet -- Antonio Campillo -- Rafael Capurro -- Horacio Cerutti Guldberg -- César Cuello Nieto -- Domingo de los Santos -- Leonardo Díaz -- Javier Echeverría -- Roberto Feltrero Oreja -- Fernando Ferrán -- José Ignacio Galparsoro -- Iñigo Galzacorta -- Luis Garagalza -- Román García Fernández -- Víctor Gómez Pin -- Pablo Guadarrama. | |
| 942 |
_2ddc _cBK _n0 |
||
| 999 |
_c18350 _d18350 |
||